000 00854pam a2200277 a 4500
001 4904791
003 OSt
005 20140310181729.0
008 940125r19941993nyu b 001 0 eng
010 _a 94005152
020 _a0805034544
_c$30.00
040 _aDLC
_cDLC
_dDLC
050 0 0 _aD 842
_b.W28 1994
082 0 0 _aIB 909.82
_bW28 1994
100 1 _aWalker, Martin.
_d1947-
245 1 4 _aThe Cold War :
_ba history /
_cMartin Walker.
250 _a1st American ed.
260 _aNew York :
_bH. Holt,
_c1994.
300 _axvi, 392 p. :
_c24 cm.
650 0 _aWorld politics
_y1945-1989.
650 0 _aCold War.
906 _a7
_bcbc
_corignew
_d1
_eocip
_f19
_gy-gencatlg
942 _2lcc
_cBK
999 _c2334
_d2334